<?xml version="1.0" encoding="UTF-8"?>
<collection xmlns="http://www.loc.gov/MARC21/slim">
 <record>
  <leader>01458nam a22002177a 4500</leader>
  <controlfield tag="001">NCT_89326</controlfield>
  <controlfield tag="008">210416b        xxu||||| |||| 00| 0 vie d</controlfield>
  <datafield tag="999" ind1=" " ind2=" ">
   <subfield code="c">4403</subfield>
   <subfield code="d">4403</subfield>
  </datafield>
  <datafield tag="020" ind1=" " ind2=" ">
   <subfield code="a">9786049827761</subfield>
   <subfield code="c">108000</subfield>
  </datafield>
  <datafield tag="082" ind1="0" ind2="4">
   <subfield code="2">23rd ed.</subfield>
   <subfield code="a">650.13</subfield>
   <subfield code="b">C18</subfield>
  </datafield>
  <datafield tag="100" ind1="1" ind2=" ">
   <subfield code="a">Connolly, Sharon</subfield>
  </datafield>
  <datafield tag="245" ind1="1" ind2="0">
   <subfield code="a">Networking kỹ năng mềm quan trọng nhất</subfield>
   <subfield code="c">Sharon Connolly ; Phạm huỳnh Thanh Như (dịch)</subfield>
  </datafield>
  <datafield tag="250" ind1=" " ind2=" ">
   <subfield code="a">Tái bản lần thứ 1</subfield>
  </datafield>
  <datafield tag="260" ind1=" " ind2=" ">
   <subfield code="a">H.</subfield>
   <subfield code="b">Lao động</subfield>
   <subfield code="c">2019</subfield>
  </datafield>
  <datafield tag="300" ind1=" " ind2=" ">
   <subfield code="a">274 tr.</subfield>
   <subfield code="b">hình vẽ</subfield>
   <subfield code="c">21cm</subfield>
  </datafield>
  <datafield tag="520" ind1="3" ind2=" ">
   <subfield code="a">Networking là cuốn sách kỹ năng cần có để nhanh chóng thành công. Networking không chỉ giúp bạn học hỏi từ người bạn gặp trực tiếp; những lợi ích khác từ việc mở rộng mạng lưới quan hệ nói chung cũng rất đáng để bạn quan tâm. Có rất nhiều cách để các bạn trau dồi các kỹ năng mềm, học từ từ và học những kỹ năng mềm quan trọng trước, điều này sẽ giúp các bạn tự tin hơn tróng các mối quan hệ.</subfield>
  </datafield>
  <datafield tag="653" ind1=" " ind2=" ">
   <subfield code="a">Tham khảo</subfield>
  </datafield>
  <datafield tag="700" ind1="1" ind2=" ">
   <subfield code="a">Phạm huỳnh Thanh Như </subfield>
   <subfield code="e">Dịch</subfield>
  </datafield>
  <datafield tag="942" ind1=" " ind2=" ">
   <subfield code="2">ddc</subfield>
   <subfield code="c">BK</subfield>
  </datafield>
  <datafield tag="952" ind1=" " ind2=" ">
   <subfield code="0">0</subfield>
   <subfield code="1">0</subfield>
   <subfield code="2">ddc</subfield>
   <subfield code="4">0</subfield>
   <subfield code="6">650_130000000000000_C18</subfield>
   <subfield code="7">0</subfield>
   <subfield code="9">21182</subfield>
   <subfield code="a">000001</subfield>
   <subfield code="b">000001</subfield>
   <subfield code="d">2021-04-16</subfield>
   <subfield code="o">650.13 C18</subfield>
   <subfield code="p">TK.02374</subfield>
   <subfield code="r">2021-04-16</subfield>
   <subfield code="v">108000.00</subfield>
   <subfield code="w">2021-04-16</subfield>
   <subfield code="y">BK</subfield>
  </datafield>
  <datafield tag="980" ind1=" " ind2=" ">
   <subfield code="a">Thư viện Trường Đại học Nam Cần Thơ</subfield>
  </datafield>
 </record>
</collection>
